Reparos históricos sobre los doce primeros años del tomo VII de la Historia de España del doct. D. Juan de Ferreras... (Record no. 164423)

MARC details
000 -LEADER
campo de control de longitud fija 01093nam a2200253 i 4500
001 - NÚMERO DE CONTROL
campo de control 164423
003 - IDENTIFICADOR DE NÚMERO DE CONTROL
campo de control ES-MaACL
005 - FECHA Y HORA DE LA ÚLTIMA TRANSACCIÓN
campo de control 20250811063203.0
008 - DATOS DE LONGITUD FIJA--INFORMACIÓN GENERAL
campo de control de longitud fija 931025s1723 sp |||| | spa d
100 1# - ENTRADA PRINCIPAL--NOMBRE DE PERSONA
Nombre de persona Salazar y Castro, Luis de,
Fechas asociadas al nombre 1658-1734
9 (RLIN) 101831
245 10 - MENCIÓN DEL TÍTULO
Título Reparos históricos sobre los doce primeros años del tomo VII de la Historia de España del doct. D. Juan de Ferreras...
260 ## - PUBLICACIÓN, DISTRIBUCIÓN, ETC.
Lugar de publicación, distribución, etc. En Alcalá :
Nombre del editor, distribuidor, etc. a costa de Juan Antonio Pimentel, mercader de libros,
Fecha de publicación, distribución, etc. 1723.
300 ## - DESCRIPCIÓN FÍSICA
Extensión [28], 528 p. ;
Dimensiones 4º.
530 ## - NOTA DISPONIBLE DE FORMULARIO FÍSICO ADICIONAL
Nota de formato físico adicional disponible Disponible en formato digital.
594 ## - Nota al título y mención de responsabilidad
Nota al título y mención de responsabilidad Según Aguilar, VII, 2810, el autor es Luis de Salazar y Castro.
597 ## - NOTA DE DESCRIPCIÓN FÍSICA
NOTA DE DESCRIPCIÓN FÍSICA Sign.:¶-3¶4, 4¶², A-Z4, Aa-Zz4, Aaa-Vvv4.
597 ## - NOTA DE DESCRIPCIÓN FÍSICA
NOTA DE DESCRIPCIÓN FÍSICA Port. con orla tip.
597 ## - NOTA DE DESCRIPCIÓN FÍSICA
NOTA DE DESCRIPCIÓN FÍSICA Grab. xil. en ¶2.
600 14 - PUNTO DE ACCESO ADICIONAL DE MATERIA--NOMBRE DE PERSONA
Nombre de persona Ferreras, Juan de-
Subdivisión de forma Crítica e interpretación.
9 (RLIN) 127066
650 #4 - PUNTO DE ACCESO ADICIONAL DE MATERIA--TÉRMINO DE MATERIA
Término de materia o nombre geográfico como elemento de entrada España-
Subdivisión general Historia.
9 (RLIN) 185483
852 ## - LOCALIZACIÓN
Ubicación ES-MaACL
Número de control de estantería R-1841
Nota libre -- Enc. perg.
Encuadernación -- Olim: G-793
856 ## - LOCALIZACIÓN Y ACCESO ELECTRÓNICOS
Identificador Uniforme de Recursos <a href="http://bdh-rd.bne.es/viewer.vm?id=0000078551&page=1 ">http://bdh-rd.bne.es/viewer.vm?id=0000078551&page=1 </a>
Nota pública Biblioteca Digital Hispánica
Holdings
Estatus retirado Estado de pérdida Estado de daño No para préstamo Colección Biblioteca de origen Biblioteca actual Ubicación en estantería Fecha de adquisición Fuente de adquisición Total de préstamos Signatura topográfica completa Código de barras Visto por última vez Precio de reemplazo Tipo de ítem Koha
        Colección digital Biblioteca del Ateneo de Madrid Biblioteca del Ateneo de Madrid Depósito 17/01/2008     R-1841 1172343 23/02/2023 23/02/2023 Libro impreso antiguo